Normal view
MARC view
- Biomedical Technology Devices
Entry Topical Term
001 - CONTROL NUMBER
- control field: 124312
003 - CONTROL NUMBER IDENTIFIER
- control field: NUST
005 - DATE AND TIME OF LATEST TRANSACTION
- control field: 20240709174440.0
008 - FIXED-LENGTH DATA ELEMENTS
- fixed length control field: 240709|| aca||aabn | a|a d
040 ## - CATALOGING SOURCE
- Original cataloging agency: NUST
- Transcribing agency: NUST
150 ## - HEADING--TOPICAL TERM
- Topical term or geographic name entry element: Biomedical Technology Devices
670 ## - SOURCE DATA FOUND
- Source citation: Work cat.: (NUST): Mooore, James 64015, Biomedical Technology Devices, 2004.
